Sách học tiếng Pháp; T1

Uloženo v:
Podrobná bibliografie
Hlavní autor: Phạm Văn Bảng
Médium: Kniha
Jazyk:Undetermined
Vydáno: Hà Nội ĐH và THCN 1974
Témata:
Tagy: Přidat tag
Žádné tagy, Buďte první, kdo otaguje tento záznam!
Thư viện lưu trữ: Trung tâm Học liệu Trường Đại học Cần Thơ
LEADER 00502nam a2200169Ia 4500
001 CTU_533
008 210402s9999 xx 000 0 und d
082 |a 448 
082 |b B106/T1 
100 |a Phạm Văn Bảng 
245 0 |a Sách học tiếng Pháp; T1 
245 0 |c Phạm Văn Bảng, Phạm văn Bỉnh 
260 |a Hà Nội 
260 |b ĐH và THCN 
260 |c 1974 
650 |a french language - study and teaching 
980 |a Trung tâm Học liệu Trường Đại học Cần Thơ